000 00440nam a22001697a 4500
003 MPLRDC
005 20220104143158.0
008 210129b ||||| |||| 00| 0 eng d
082 _a961 ZJMS
100 _a浙江美术学院图案教才编写组编
245 _a基础图案技法
_c
250 _a一版一刷
260 _a
_b人民美术出版社
_c1977
300 _b
650 _a应用美术--图案
942 _cBK
_o961 ZJMS
999 _c37377
_d37367